|
|
|
|
| LEADER |
01059nam a2200241 a 4500 |
| 001 |
00027280 |
| 008 |
130819s2010 coua b 001 0 eng d |
| 020 |
|
|
|a 9788130912264
|
| 040 |
|
|
|a DLC
|c DLC
|d BD-DhAAL.
|
| 082 |
0 |
0 |
|a 320.3091724
|2 22
|
| 100 |
1 |
|
|a Green, December
|
| 245 |
1 |
0 |
|a Comparative politics of the third world :
|b linking concepts and cases /
|c December Green and Laura Luehrmann
|
| 250 |
|
|
|a 2nd ed.
|
| 260 |
|
|
|a Boulder, Colo. :
|b L. Rienner ;
|a New Delhi :
|b Viva Books
|c 2010
|
| 300 |
|
|
|a xiv, 546 p. :
|b ill. ;
|c 26 cm.
|
| 504 |
|
|
|a Includes bibliographical references and index
|
| 541 |
|
|
|e 00027280
|
| 651 |
|
0 |
|a Developing countries
|x Politics and government
|v Case studies
|
| 651 |
|
0 |
|a Developing countries
|x Economic policy
|v Case studies
|
| 700 |
1 |
|
|a Luehrmann, Laura,
|d 1969-
|
| 852 |
1 |
|
|a Ayesha Abed Library
|j General shelf.
|
| 999 |
|
|
|c 13861
|d 13861
|
| 952 |
|
|
|0 0
|1 0
|4 0
|6 320_309172400000000_GRE
|7 0
|9 23192
|a IGS
|b IGS
|c GEN
|d 2013-08-19
|e Karim International
|g 1430.00
|l 0
|o 320.3091724 GRE
|p 3010027280
|r 2013-08-19
|t 1
|w 0000-00-00
|y BK
|x Available
|